Datum a čas kvízu
31
Celkem bodů
Celkový počet nahraných bodů na tomto kvízu bez doplňovacích otázek.
4.
Pořadí na kvízu
Konečné umístění týmu na tomto kvízu.
Zaznamenané odpovědi
| # | Otázka | Odpověď | Body | Výsledky |
|---|---|---|---|---|
| 1. | V sobotu dopoledne byla kvůli... | o cukr | 0 | |
| 2. | Na černé listině se ocitla žen... | špinavé plínky | 0 | |
| 3. | Ve čtvrtek měl v našich kinech... | Jan Prušinovský | 0 | |
| 4. | Pokud byste měli volných 12 mi... | Kersko | 1 | |
| 5. | Ve středu převzal jeden český... | Tomáš Souček | 1 | |
| 6. | V našem tématu se podíváme na... | A | 1 | |
| 7. | Neutrální oslovení „to“ v posl... | Emma Corrin | 0 | |
| 8. | Samotné slovo „to“ je v českém... | číslo, pád, druh | 1 | |
| 9. | Doména .cz je určena pro počít... | Tonga | 0 | |
| 10. | Toto je americká kapela založe... | Africa | 1 |